| 000 | 01804cam a22003857a 4500 | ||
|---|---|---|---|
| 001 | 4237 | ||
| 003 | FISKH | ||
| 005 | 20240705162242.0 | ||
| 008 | 121220s2012 dcua j 001 0 eng d | ||
| 010 | _a 2012275027 | ||
| 020 | _a1426310293 (reinforced lib. ed.) | ||
| 020 | _a9781426310294 (reinforced lib. ed.) | ||
| 020 | _a9781426310287 (pbk.) | ||
| 020 | _a9780545536332 | ||
| 040 |
_aYDXCP _cYDXCP _dGP4 _dOQX _dGL7 _dJRN _dDLC _beng |
||
| 050 | _aQL666.C925 | ||
| 082 | _a597.98 | ||
| 100 | 1 |
_aBarr, Brady, _d1963- |
|
| 245 | 1 | 0 |
_aCrocodile encounters : _band more true stories of adventures with animals / _cby Brady Barr with Kathleen Weidner Zoehfeld. |
| 246 | 3 | 0 | _aAdventures with animals |
| 250 | _aFirst Scholastic printing, March 2013 | ||
| 260 |
_aNew York : _bScholastic, _c2012 |
||
| 300 |
_a112 pages : _bcolor illustrations ; _c20 cm |
||
| 490 | 1 | _aNational Geographic kids chapters | |
| 504 | _aIncludes bibliographical references (p. 111) and index. | ||
| 505 | _aP | ||
| 520 | _aFollow along with National Geographic explorer Brady Barr as he crawls into a muddy hole just barely big enough for his shoulders, and comes face to face with thirteen crocodiles! Laugh out loud as you learn how to catch a crocodile using shoe laces and underpants. Read in anticipation to find out what happens when you put a 600-lb crocodile on an airplane in just a flimsy wooden crate. These action-packed stories and more will engage readers and inspire them to go out and explore their own world. | ||
| 521 | 8 |
_a650
_bLexile Adjusted |
|
| 521 | 8 |
_aP
_bRaz-Plus |
|
| 650 | 0 |
_aCrocodiles _vJuvenile literature. |
|
| 700 | 1 |
_aZoehfeld, Kathleen Weidner. _eAuthor |
|
| 906 |
_a7 _bcbc _ccopycat _d2 _encip _f20 _gy-gencatlg |
||
| 942 |
_2ddc _cBK _n0 |
||
| 999 |
_c4237 _d4237 |
||